000 00229nam a22000977a 4500
999 _c11219
_d11219
008 181012b ||||| |||| 00| 0 eng d
020 _a8193847912
100 _aSHARMA.R.D
_96973
245 _aMATHEMATICSS CLASS-X
942 _2ddc
_cBK